[Event "Osijek OBZ Cup 2nd"]
[Site "Osijek"]
[Date "2009.03.14"]
[Round "3.4"]
[White "Brdar, Zvonko"]
[Black "Dumic, Damir"]
[Result "1-0"]
[WhiteElo "1790"]
[BlackElo "1610"]
[PlyCount "83"]
[EventDate "2009.03.13"]
[EventType "team-tourn"]
[EventRounds "5"]
[EventCountry "CRO"]
[SourceTitle "EXT 2011"]
[Source "ChessBase"]
[SourceDate "2010.11.26"]
[SourceVersion "1"]
[SourceVersionDate "2010.11.26"]
[SourceQuality "1"]

1. e4 c5 2. Nf3 e6 3. c3 d6 4. Bb5+ Bd7 5. Bxd7+ Nxd7 6. 0-0 Be7 7. d3 Qc7 8. c4 Bf6 9. Qc2 Ne7 10. Bf4 Nc6 11. Nc3 a6 12. Rab1 h6 13. a3 g5 14. Bg3 h5 15. h4 g4 16. Ng5 Bxg5 17. hxg5 Nd4 18. Qd1 e5 19. Nd5 Qd8 20. Bh4 Qc8 21. f4 Qc6 22. Qd2 Qa4 23. f5 Qc2 24. Qxc2 Nxc2 25. Rf2 Nd4 26. Nc7+ Ke7 27. Nxa8 Rxa8 28. g6+ f6 29. b4 Rb8 30. Rfb2 b5 31. Kf2 bxc4 32. dxc4 cxb4 33. Rxb4 Rc8 34. Rb7 Rd8 35. Rc7 Nc2 36. Rbb7 Nxa3 37. Rxd7+ Rxd7 38. Rxd7+ Kxd7 39. g7 Nxc4 40. g8Q Nb6 41. Bxf6 a5 42. Qe6+ 1-0

[Event "Osijek OBZ Cup 2nd"]
[Site "Osijek"]
[Date "2009.03.13"]
[Round "1.4"]
[White "Dumic, Damir"]
[Black "Kovacevic, Srecko"]
[Result "0-1"]
[WhiteElo "1610"]
[BlackElo "2059"]
[PlyCount "110"]
[EventDate "2009.03.13"]
[EventType "team-tourn"]
[EventRounds "5"]
[EventCountry "CRO"]
[SourceTitle "EXT 2011"]
[Source "ChessBase"]
[SourceDate "2010.11.26"]
[SourceVersion "1"]
[SourceVersionDate "2010.11.26"]
[SourceQuality "1"]

1. d4 Nf6 2. Nf3 e6 3. Bf4 b6 4. e3 Bb7 5. Bd3 Be7 6. c3 0-0 7. Nbd2 d6 8. Qc2 c5 9. 0-0 Nc6 10. Rfe1 Rc8 11. Qb1 h6 12. e4 cxd4 13. Nxd4 e5 14. Nxc6 Bxc6 15. Be3 Ng4 16. Qd1 Qd7 17. h3 Nxe3 18. Rxe3 Bf6 19. Qf1 g6 20. Rd1 Bg5 21. Re2 Qe7 22. Nf3 Bf6 23. Red2 Rcd8 24. Qe2 Bg7 25. Bb5 Ba8 26. a4 Kh7 27. Nh2 h5 28. Nf3 Bh6 29. Rd3 f5 30. Nd2 Bxd2 31. Qxd2 Bxe4 32. Rxd6 Rxd6 33. Qxd6 Qg7 34. Qd7 Rf7 35. Qd8 f4 36. Be8 Re7 37. Rd7 Rxd7 38. Qxd7 Qxd7 39. Bxd7 h4 40. c4 a5 41. f3 Bd3 42. Bb5 e4 43. fxe4 Bxe4 44. Kf2 Kg7 45. Bd7 Kf6 46. Bg4 Ke5 47. Bf3 Bd3 48. Bd5 Kd4 49. Kf3 Bxc4 50. Bxc4 Kxc4 51. Kxf4 Kb4 52. Kg5 Kxa4 53. Kxh4 Kb3 54. g4 Kxb2 55. Kg5 a4 0-1